[Event "Araraquara op"]
[Site "Araraquara"]
[Date "2023.02.21"]
[Round "5.22"]
[White "Caetano, Marco Antonio"]
[Black "De Freitas, Isabella Ribeiro Co"]
[Result "1/2-1/2"]
[WhiteElo "1589"]
[BlackElo "1863"]
[PlyCount "126"]
[EventDate "2023.02.19"]
[EventType "swiss"]
[EventRounds "6"]
[EventCountry "BRA"]
[SourceTitle "CBM 213 Extra"]
[Source "ChessBase"]
[SourceDate "2023.05.31"]
[SourceVersion "1"]
[SourceVersionDate "2023.05.31"]
[SourceQuality "1"]

1. e4 c5 2. Nf3 e6 3. d3 d5 4. Nbd2 Nc6 5. g3 e5 6. Bg2 d4 7. Nc4 Qc7 8. a4 Nf6 9. 0-0 Bg4 10. h3 Bh5 11. g4 Bg6 12. Nh4 Nd7 13. Nf5 h5 14. g5 f6 15. h4 Bf7 16. Bd2 0-0-0 17. a5 g6 18. Ng3 Be6 19. Kh2 Be7 20. f4 Bxc4 21. dxc4 exf4 22. Bxf4 Bd6 23. Bxd6 Qxd6 24. Qd2 Nce5 25. Bh3 Ng4+ 26. Bxg4 hxg4 27. Kg2 Rxh4 28. gxf6 Nxf6 29. Qg5 Rh3 30. Qf4 Qxf4 31. Rxf4 Nd7 32. Rxg4 Rdh8 33. Rh1 Rxh1 34. Nxh1 Ne5 35. Rg5 Re8 36. Nf2 Kd7 37. b3 Kd6 38. Nd3 Nd7 39. Rxg6+ Kc7 40. Rg7 Kc6 41. Kf3 Rf8+ 42. Ke2 Rh8 43. Rg6+ Kc7 44. e5 Nxe5 45. Nxe5 Re8 46. Rg7+ Kd6 47. Rxb7 Rxe5+ 48. Kd2 Rh5 49. Rxa7 Rh2+ 50. Kc1 Rh1+ 51. Kb2 Rh2 52. Ra8 Kc7 53. Kc1 Kb7 54. Rd8 Rh1+ 55. Kb2 Rh2 56. Rd5 Kc6 57. Kb1 Rh1+ 58. Kb2 Rh2 59. b4 cxb4 60. Rxd4 Kc5 61. Rg4 Rh3 62. Rf4 Ra3 63. Rh4 Rg3 1/2-1/2

[Event "Araraquara op"]
[Site "Araraquara"]
[Date "2023.02.19"]
[Round "1.32"]
[White "Coelho, Andre Rosenbaum"]
[Black "De Freitas, Isabella Ribeiro Co"]
[Result "1-0"]
[WhiteElo "1800"]
[BlackElo "1863"]
[PlyCount "101"]
[EventDate "2023.02.19"]
[EventType "swiss"]
[EventRounds "6"]
[EventCountry "BRA"]
[SourceTitle "CBM 213 Extra"]
[Source "ChessBase"]
[SourceDate "2023.05.31"]
[SourceVersion "1"]
[SourceVersionDate "2023.05.31"]
[SourceQuality "1"]

1. e4 c5 2. c3 Nf6 3. e5 Nd5 4. Nf3 d6 5. exd6 Qxd6 6. d4 cxd4 7. Na3 Nc6 8. Nb5 Qd7 9. Nbxd4 Nxd4 10. Nxd4 a6 11. a4 e6 12. Bd3 Bc5 13. Nf3 0-0 14. 0-0 b6 15. Qc2 g6 16. Bh6 Rd8 17. Rad1 Bf8 18. Bxf8 Rxf8 19. h4 Qe7 20. h5 Nf4 21. hxg6 hxg6 22. Be4 Bb7 23. Bxb7 Qxb7 24. Qd2 Qe4 25. Qe3 Qxe3 26. fxe3 Nd5 27. Kf2 b5 28. a5 Rac8 29. Rd4 Rc7 30. Rh1 Rfc8 31. Rdh4 Kf8 32. e4 Nf6 33. e5 Nd7 34. Rh8+ Ke7 35. Ke3 Rxh8 36. Rxh8 Rc4 37. Ra8 Nc5 38. Nd2 Rg4 39. b4 Na4 40. Ne4 Nb2 41. Nf6 Nc4+ 42. Ke2 Rxg2+ 43. Kf3 Nxe5+ 44. Kxg2 Kxf6 45. Rxa6 Nc4 46. Ra8 Ne3+ 47. Kg1 Nd5 48. a6 Nxc3 49. a7 Nd5 50. Rb8 Nc7 51. Rc8 1-0

[Event "Florianopolis Winter op 6th"]
[Site "Florianopolis"]
[Date "2022.07.17"]
[Round "9"]
[White "Cordeiro, Marco Aurelio Zaror"]
[Black "De Freitas, Isabella Ribeiro Co"]
[Result "1-0"]
[WhiteElo "2125"]
[BlackElo "1878"]
[PlyCount "43"]
[EventDate "2022.07.13"]
[EventType "swiss"]
[EventRounds "9"]
[EventCountry "BRA"]
[SourceTitle "CBM 209 Extra"]
[Source "ChessBase"]
[SourceDate "2022.09.30"]
[SourceVersion "1"]
[SourceVersionDate "2022.09.30"]
[SourceQuality "1"]

1. e4 c5 2. Nf3 e6 3. c4 Qc7 4. d4 cxd4 5. Nxd4 a6 6. Nc3 Nf6 7. Bd3 Be7 8. 0-0 b6 9. Qe2 d6 10. f4 Nbd7 11. Kh1 Bb7 12. Bd2 Rc8 13. Rae1 Nc5 14. Bc2 e5 15. Nf5 Ne6 16. Nd5 Nxd5 17. exd5 Nd4 18. Nxd4 exd4 19. f5 Kf8 20. f6 gxf6 21. Bh6+ Ke8 22. Bg7 1-0

[Event "Florianopolis Winter op 6th"]
[Site "Florianopolis"]
[Date "2022.07.14"]
[Round "4"]
[White "De Freitas, Isabella Ribeiro Co"]
[Black "Gauche, Charles"]
[Result "0-1"]
[WhiteElo "1878"]
[BlackElo "2190"]
[PlyCount "117"]
[EventDate "2022.07.13"]
[EventType "swiss"]
[EventRounds "9"]
[EventCountry "BRA"]
[SourceTitle "CBM 209 Extra"]
[Source "ChessBase"]
[SourceDate "2022.09.30"]
[SourceVersion "1"]
[SourceVersionDate "2022.09.30"]
[SourceQuality "1"]

1. c4 c6 2. Nf3 d5 3. e3 Nf6 4. b3 Bg4 5. Be2 e6 6. Bb2 Nbd7 7. Nc3 Bd6 8. Qc2 0-0 9. 0-0 e5 10. d3 Re8 11. h3 Bh5 12. cxd5 cxd5 13. Nb5 Rc8 14. Qd2 Bb8 15. Ba3 Re6 16. Rac1 Rxc1 17. Rxc1 a6 18. Nc3 h6 19. e4 Nb6 20. g3 Bg6 21. exd5 Nfxd5 22. Ne4 Nd7 23. Qc2 Rc6 24. Qd2 Qc8 25. Rxc6 Qxc6 26. Bb2 f6 27. Nh4 Bh7 28. Bf3 Qe6 29. Nc3 Ne7 30. Bxb7 Nc5 31. Bg2 g5 32. Nf3 Nxd3 33. Ne1 Nxe1 34. Qxe1 Ba7 35. Qd2 Kg7 36. Ne4 Nc6 37. Qd6 Qxd6 38. Nxd6 Nb4 39. a3 Nd3 40. Bc3 Bxf2+ 41. Kh2 Bc5 42. Ne8+ Kf7 43. Nc7 Bxa3 44. Nxa6 Nc5 45. Nxc5 Bxc5 46. Bd5+ Ke7 47. g4 Kd6 48. Bc4 Be4 49. Kg3 Bg6 50. Kf3 h5 51. Ba5 e4+ 52. Ke2 Ke7 53. Bc7 h4 54. Bd5 f5 55. Ba5 f4 56. b4 Bd4 57. b5 Kd6 58. Ba8 f3+ 59. Kf1 0-1

[Event "Florianopolis Autumn op U2300"]
[Site "Florianopolis"]
[Date "2022.05.14"]
[Round "4"]
[White "De Freitas, Isabella Ribeiro Co"]
[Black "Silva, Guilherme Henrique"]
[Result "1/2-1/2"]
[WhiteElo "1852"]
[BlackElo "1908"]
[PlyCount "65"]
[EventDate "2022.05.13"]
[EventType "swiss"]
[EventRounds "6"]
[EventCountry "BRA"]
[SourceTitle "CBM 208 Extra"]
[Source "ChessBase"]
[SourceDate "2022.07.31"]
[SourceVersion "1"]
[SourceVersionDate "2022.07.31"]
[SourceQuality "1"]

1. e4 c5 2. Nf3 e6 3. Nc3 a5 4. d4 cxd4 5. Nxd4 Qc7 6. Bd3 d6 7. 0-0 Nf6 8. Be3 Be7 9. f4 0-0 10. Qf3 Nbd7 11. Rae1 b5 12. a3 Bb7 13. Qh3 Nc5 14. Bf2 Rac8 15. Kh1 Rfd8 16. Bh4 d5 17. Bxf6 Bxf6 18. e5 Nxd3 19. cxd3 Be7 20. f5 exf5 21. e6 Bf6 22. exf7+ Qxf7 23. Nxf5 Rc7 24. Qg3 Kh8 25. Nd6 Qg6 26. Qf4 Rcd7 27. Re6 h6 28. d4 Rf8 29. Nxb7 Rxb7 30. Nxd5 Rbf7 31. Nxf6 Rxf6 32. Rxf6 Rxf6 33. Qc1 1/2-1/2

[Event "Florianopolis op 8th"]
[Site "Florianopolis"]
[Date "2022.01.26"]
[Round "4"]
[White "Fernandes, Joao Manoel Strauss"]
[Black "De Freitas, Isabella Ribeiro Co"]
[Result "0-1"]
[WhiteElo "1548"]
[BlackElo "1860"]
[PlyCount "56"]
[EventDate "2022.01.24"]
[EventType "swiss"]
[EventRounds "10"]
[EventCountry "BRA"]
[SourceTitle "EXT 2023"]
[Source "ChessBase"]
[SourceDate "2022.10.05"]
[SourceVersion "1"]
[SourceVersionDate "2022.10.05"]
[SourceQuality "1"]

1. e4 c5 2. Nf3 e6 3. d4 cxd4 4. Nxd4 a6 5. Nc3 Qc7 6. Qf3 Nf6 7. Be2 Be7 8. g4 h6 9. Be3 b5 10. 0-0-0 Bb7 11. Bd3 Nc6 12. Nxc6 Qxc6 13. g5 hxg5 14. Bxg5 b4 15. Ne2 Qa4 16. Kb1 Nxe4 17. Bxe4 b3 18. Nc3 bxc2+ 19. Ka1 cxd1Q+ 20. Rxd1 Bxe4 21. Nxe4 d5 22. Nc3 Qc4 23. Bf4 Rc8 24. Ne2 Qe4 25. Qxe4 dxe4 26. Nc3 g5 27. Bg3 f5 28. Be5 Rh3 0-1

[Event "BRA-ch (Women) 60th"]
[Site "Cuiaba"]
[Date "2021.10.30"]
[Round "4"]
[White "Eger, Laura Luisa"]
[Black "De Freitas, Isabella Ribeiro Co"]
[Result "0-1"]
[WhiteElo "1767"]
[BlackElo "1863"]
[PlyCount "148"]
[EventDate "2021.10.28"]
[EventType "swiss"]
[EventRounds "11"]
[EventCountry "BRA"]
[SourceTitle "CBM 205 Extra"]
[Source "ChessBase"]
[SourceDate "2022.01.31"]
[SourceVersion "1"]
[SourceVersionDate "2022.01.31"]
[SourceQuality "1"]

1. e4 c5 2. Nf3 Nc6 3. Bb5 g6 4. Bxc6 dxc6 5. d3 Bg7 6. h3 e5 7. 0-0 Qc7 8. Nc3 Nf6 9. Be3 b6 10. Qd2 0-0 11. Bh6 Be6 12. Qg5 Nd7 13. Qh4 f6 14. Bxg7 Kxg7 15. Nh2 c4 16. dxc4 Bxc4 17. Rfd1 h5 18. Qg3 Nc5 19. Nf3 Kh7 20. Nh4 Bf7 21. Qf3 Qe7 22. g3 Ne6 23. Qe3 Nd4 24. Rac1 Be6 25. Kg2 Rad8 26. Rh1 Qb4 27. Nd1 Nb5 28. a3 Qd2 29. Nf3 Qxe3 30. Nxe3 Nd4 31. Rcd1 Nxf3 32. Kxf3 Kg7 33. g4 Kh6 34. Rxd8 Rxd8 35. Rd1 Rd4 36. c3 Rxd1 37. Nxd1 Bc4 38. Kg3 Bd3 39. f3 h4+ 40. Kf2 Kg5 41. Ke3 Bf1 42. Kf2 Bxh3 43. Ne3 Kf4 44. Nc4 f5 45. exf5 gxf5 46. g5 Kxg5 47. Nxe5 c5 48. Nf7+ Kf6 49. Nd6 f4 50. Nb5 Bd7 51. Nxa7 c4 52. a4 h3 53. Nb5 Ke5 54. Nd4 Bxa4 55. Kg1 Bd7 56. Kh2 Kf6 57. Nc2 Kg5 58. Nd4 Bc8 59. Nc2 Bb7 60. Kxh3 Bxf3 61. Nd4 Bd5 62. Kh2 Kg4 63. Kg1 Kg3 64. Kf1 f3 65. Nf5+ Kf4 66. Ne7 Bb7 67. Kf2 Ke4 68. Ng6 b5 69. Ke1 Kd3 70. Kd1 f2 71. Ne5+ Ke4 72. Ke2 Kxe5 73. Kxf2 Kf4 74. Ke2 Be4 0-1

[Event "BRA-ch U20"]
[Site "Concordia"]
[Date "2021.10.01"]
[Round "3"]
[White "De Freitas, Isabella Ribeiro Co"]
[Black "Do Valle Cardoso, Lucas"]
[Result "0-1"]
[WhiteElo "1909"]
[BlackElo "2285"]
[PlyCount "80"]
[EventDate "2021.09.30"]
[EventType "swiss"]
[EventRounds "6"]
[EventCountry "BRA"]
[SourceTitle "EXT 2023"]
[Source "ChessBase"]
[SourceDate "2022.10.05"]
[SourceVersion "1"]
[SourceVersionDate "2022.10.05"]
[SourceQuality "1"]

1. c4 b6 2. Nc3 Bb7 3. Nf3 Nf6 4. g3 Bxf3 5. exf3 c5 6. Bg2 Nc6 7. 0-0 g6 8. Ne2 Bg7 9. d4 cxd4 10. Nxd4 Rc8 11. Nxc6 Rxc6 12. Qe2 Qc8 13. Bf4 Rxc4 14. Rac1 Rc6 15. Bh3 e6 16. Rxc6 dxc6 17. Bd6 Qd7 18. Rd1 Nd5 19. Ba3 c5 20. Qa6 0-0 21. b4 cxb4 22. Bc1 Rc8 23. Be3 Rc3 24. Qe2 Qc6 25. Bf1 h5 26. Bg2 Rc2 27. Rd2 Rc1+ 28. Bf1 Nc3 29. Rd8+ Kh7 30. Qd2 Rd1 31. Qxd1 Nxd1 32. Rxd1 Qc2 33. Rd2 Qb1 34. Kg2 Bc3 35. Bd3 Qa1 36. Rc2 Qd1 37. Be4 f5 38. Rc1 Qxc1 39. Bxc1 fxe4 40. fxe4 a5 0-1